[Event "Genova Nervi op 12th"]
[Site "Genova"]
[Date "2005.02.06"]
[Round "3"]
[White "Denili, Fabio"]
[Black "Pesce, Gabriele"]
[Result "0-1"]
[WhiteElo "1446"]
[BlackElo "1802"]
[PlyCount "60"]
[EventDate "2005.02.05"]
[EventType "swiss"]
[EventRounds "6"]
[EventCountry "ITA"]
[SourceTitle "EXT 2007"]
[Source "ChessBase"]
[SourceDate "2006.11.23"]
[SourceVersion "1"]
[SourceVersionDate "2006.11.23"]
[SourceQuality "1"]

1. e4 c5 2. Nf3 Nc6 3. d4 cxd4 4. Nxd4 e5 5. Nf3 Nf6 6. Nc3 Bb4 7. Bd3 d5 8. exd5 Nxd5 9. Bd2 Nf4 10. 0-0 Nxd3 11. cxd3 Qxd3 12. Re1 Bd6 13. Ne4 Bc7 14. Re3 Qd8 15. Nc3 0-0 16. Qc2 Nd4 17. Qd1 Nxf3+ 18. gxf3 Qg5+ 19. Kf1 Bh3+ 20. Ke2 Rad8 21. Re4 Qg6 22. Qg1 Qa6+ 23. Ke1 Qd3 24. Be3 Ba5 25. Rc1 Rd6 26. Rxe5 Bxc3+ 27. bxc3 Rfd8 28. Bd4 Rg6 29. Rg5 Re6+ 30. Be3 Qd2# 0-1